LEADER 01202nam a2200253 i 4500 001 000000215553 003 CaOOAMICUS 005 20240829142022.0 008 120828s1807 it u000 u lat u 013 $a194426 026 $as-n- m;is x.t, PrMe (3) 1807 (R) 040 $aSeMil$bita 240 12$al Bardo della Selva Nera.$0(OLS)http://semarc/title/310283 245 10$aBardus Hercyniae poema Vincentii Monti a Francisco Bottazzi epicis latinis interpretatum. 260 $aMediolani :$bPer Cairum et Socium,$c1807. 300 $a[8], 71, [1] p. ;$c4°. 500 $aA c. [3] lettera dedicatoria di V. Monti a Napoleone 1. 600 04$aNapoleone I : Bonaparte .$0(OLS)http://semarc/subject/350 650 4$aMonti, Vincenzo <1754-1828> - Opere.$0(OLS)http://semarc/subject/4090 850 $aSeMil 852 $aSeMil$W1$xVenegono$y1$m1X VI 52 FA$j165973$B165973$CSeMilBibl$Z2$F176930 $8I 996 $6245$aBardus Hercyniae poema Vincentii Monti a Francisco Bottazzi epicis latinis interpretatum$9(OLS)http://semarc/title/310282 996 $6260$aMediolani :$bPer Cairum et Socium$9(OLS)http://semarc/publisher/52944 LEADER 00900nam a2200241 i 4500 001 000000207783 003 CaOOAMICUS 005 20111105000000.0 008 111105s1962 it u000 u ita u 013 $a186566 040 $aSeMil$bita 100 1 $aActon, Harold.$0(OLS)http://semarc/name/46764 245 14$aGli ultimi Medici /$cHarold Acton. 260 $aTorino :$bGiulio Einaudi,$c1962. 300 $aXVII, 338 p., [1] p. di ritratti ;$c22 cm. 490 0 $aSaggi ;$v305 500 $aContiene : Bibliografia. 600 34$aMedici .$0(OLS)http://semarc/subject/44847 830 0$aSaggi ;$v305.$0(OLS)http://semarc/title/341 850 $aSeMil 852 $aSeMil$W1$xVenegono$y1$m3U IV 281$j158242$B158242$CSeMilBibl$Z2$F169461 $81 996 $6245$aGli ultimi Medici$9(OLS)http://semarc/title/300453 996 $6260$aTorino :$bGiulio Einaudi$9(OLS)http://semarc/publisher/29810